LEADER 01011nam a2200265 i 4500 001 000000131944 003 CaOOAMICUS 005 20050131000000.0 008 050131s2002 it u000 u ita u 013 $a104863 020 $a88-7078-740-0 040 $aSeMil$bita 100 1 $aGabbard, Glen O.$0(OLS)http://semarc/name/54417 245 10$aPsichiatria psicodinamica /$cGlen O. Gabbard. 250 $a3. ed. 260 $aMilano :$bRaffaello Cortina,$c2002. 300 $aXXIV, 612 p. ;$c24 cm. 650 4$aPsichiatria - Manuali.$0(OLS)http://semarc/subject/3211 700 1 $aFreni, Salvatore.$0(OLS)http://semarc/name/54413 850 $aSeMil 852 $aSeMil$W1$xVenegono$y1$m173 10 1 *$j85875$B85875$CSeMilBibl$Z2$F89638 $81 961 $aAcquisto: Ŕncora (Libreria) 996 $6020$a88-7078-740-0$9(OLS)http://semarc/number/118911 996 $6245$aPsichiatria psicodinamica$9(OLS)http://semarc/title/193916 996 $6260$aMilano :$bRaffaello Cortina$9(OLS)http://semarc/publisher/31196 LEADER 01252nam a2200217 i 4500 001 000000030602 003 CaOOAMICUS 005 20180830125449.0 008 180830s1752 it u000 u ita u 040 $aSeMil$bita 245 10$aDissertazioni vossiane di Apostolo Zeno cioč giunte e osservazioni intorno agli storici italiani che hanno scritto latinamente, rammentati dal Vossio nel 3. libro De historicis Latinis. Tomo 1. [-2.]. 260 $aIn Venezia :$bPer Giambatista Albrizzi q. Gir.,$c1752-1753. 300 $a2 v. ;$c4°. 500 $aVignetta calcogr. sui front. - Testatine, fregi, iniz. xilogr. 650 4$aStoriografia latina.$0(OLS)http://semarc/subject/28433 700 1 $aZeno, Apostolo,$d<1668-1750>.$0(OLS)http://semarc/name/4835 700 1 $aAlbrizzi, Giovanni Battista,$c.$0(OLS)http://semarc/name/2080 774 0 $tTomo 1.$g1$w()167988 774 0 $tTomo 2.$g2$w()258437 996 $6245$aDissertazioni vossiane di Apostolo Zeno cioč giunte e osservazioni intorno agli storici italiani che hanno scritto latinamente, rammentati dal Vossio nel 3. libro De historicis Latinis. Tomo 1. [-2.]$9(OLS)http://semarc/title/401970 996 $6260$aIn Venezia :$bPer Giambatista Albrizzi q. Gir.$9(OLS)http://semarc/publisher/56152